Les grands courants de la philosophie du droit et de l'etat

Uloženo v:
Podrobná bibliografie
Hlavní autor: Brimo, Albert (Autor)
Médium: Kniha
Jazyk:francouzština
Vydáno: París A. Pedone 1978
Vydání:3a. ed
Edice:Philosophie Comparée du Droit et de l'Etat
Témata:
Tagy: Přidat tag
Žádné tagy, Buďte první, kdo vytvoří štítek k tomuto záznamu!

MARC

LEADER 00000nam a2200000 a 4500
001 UCS5880
003 CL-VaPUC
008 970906e19780000FR |||||||||||||||||fre|d
082 0 4 |a 340.1  |b BRI  |2 21 
100 0 |a Brimo, Albert  |e author  |9 391422 
245 1 4 |a Les grands courants de la philosophie du droit et de l'etat 
250 |a 3a. ed 
300 |a 436 p 
942 |c BK 
945 |d 19970906 00:00:00  |a lriquelm 
260 |a París  |b A. Pedone  |c 1978 
600 0 |a Tomás de Aquino  |d 1220-1274  |c Santo  |9 255832 
600 0 7 |a WEBER, MAX  |2 CL-VaPUC  |9 314708 
600 0 |a Kant, Immanuel,  |d 1724-1804  |9 858687 
650 7 |a DERECHO  |2 CL-VaPUC  |9 391423 
650 0 |a Filosofía del derecho   |9 255050 
650 0 |a Racionalismo  |9 259116 
650 0 |a Escuelas filosóficas   |9 266232 
650 0 |a Humanismo  |9 256530 
583 |a last modification  |c 19970906 00:00:00  |k Rodrigo Vera 
490 0 |a Philosophie Comparée du Droit et de l'Etat 
999 |c 262011  |d 262009 
952 |0 0  |1 0  |4 0  |6 340_100000000000000_BRI_1978  |7 0  |8 DER_TF  |9 290161  |a BIBDER  |b BIBDER  |d 2019-11-19  |i 1880020  |l 1  |o 340.1 BRI 1978  |p 1880020  |r 2023-01-25  |s 2020-03-17  |w 2019-11-19  |x Ubicación 4to Piso  |y BK  |z Estos recursos deben solicitarse con anticipación  |k DER